000 00693nam a22002297a 4500
005 20140310183638.0
008 131212b xxu||||| |||| 00| 0 eng d
020 _a0781767822
050 _aRT 41
_b.T238 2005
100 _aTaylor, Carol
245 _aSkill Checklist Accompany Fundamentals Of Nursing :
_bThe Art and Science Of Nursing Care /
_cCarol Lillis, Priscilla LeMone, Marilee LeBon
260 _bLippincott Williams & Wilkins,
_c2005
300 _a116 p. :
_bill. ;
_c26 cm.
521 _aNUR
650 _a1. Nursing Process.
650 _a2. Nursing Care--Methods
942 _2lcc
_cBK
_kFOR
999 _c25764
_d25764